Prisoner:B-3087 (Record no. 189860)

MARC details
000 -LEADER
fixed length control field 00525nam a2200205 4500
005 - DATE AND TIME OF LATEST TRANSACTION
control field 20220713165252.0
010 ## - LCCN (DPL NO)
LC control number ENG-133539
020 ## - INTERNATIONAL STANDARD BOOK NUMBER
International Standard Book Number 9789390590025
Terms of availability 399.00
035 ## - SYSTEM CONTROL NUMBER
System control number EN-117071
037 ## - SOURCE OF ACQUISITION
Source of stock number/acquisition DBAD/PUB
082 ## - DEWEY DECIMAL CLASSIFICATION NUMBER
Classification number N
100 ## - MAIN ENTRY--PERSONAL NAME
Personal name Gratz,Alan
245 ## - TITLE STATEMENT
Title Prisoner:B-3087
Statement of responsibility, etc by Alan Gratz;Ruth and Jack Gruener
260 ## - PUBLICATION, DISTRIBUTION, ETC. (IMPRINT)
Place of publication, distribution, etc New York
Name of publisher, distributor, etc Scholastic
Date of publication, distribution, etc 2021
270 ## - ADDRESS
Address 557,Broadway,
City New York
Postal code 10012
300 ## - PHYSICAL DESCRIPTION
Extent 260p.
Dimensions 20cm(pbk)
700 ## - ADDED ENTRY--PERSONAL NAME
Personal name Ruth
700 ## - ADDED ENTRY--PERSONAL NAME
Personal name Gruener,Jack
942 ## - ADDED ENTRY ELEMENTS (KOHA)
Source of classification or shelving scheme Dewey Decimal Classification
Item type English Books
Classification part N
Call number suffix GRA

No items available.


© Delhi Public Library
Hit Counter
free hit counter